Statistics for Who Did That #1 80's Song?

Click here to take the quiz!

General Stats

  • This quiz has been taken 847 times
  • The average score is 14 of 20

Answer Stats

Hint Answer % Correct
Apr 30, 1983Beat ItMichael Jackson
97%
Feb 14, 1987Livin' on a PrayerBon Jovi
96%
Dec 22, 1984Like a VirginMadonna
96%
Sept 10, 1988Sweet Child O' MineGuns N' Roses
93%
Jul 9, 1983Every Breath You TakeThe Police
91%
Mar 22, 1980Another Brick in the Wall (Part II)Pink Floyd
90%
Feb 25, 1984JumpVan Halen
87%
Dec 20, 1986Walk Like an EgyptianThe Bangles
83%
Jul 24, 1982Eye of the TigerSurvivor
80%
Feb 23, 1980Crazy Little Thing Called LoveQueen
76%
Sept 21, 1985Money For NothingDire Straits
72%
Dec 24, 1988Every Rose Has Its ThornPoison
70%
Aug 1, 1981Jesse's GirlRick Springfield
69%
Oct 10, 1987Here I Go AgainWhitesnake
68%
Feb 2, 1985I Want to Know What Love IsForeigner
64%
Mar 29, 1986Rock Me AmadeusFalco
59%
Mar 21, 1981Keep on Loving YouREO Speedwagon
52%
Sept 4, 1982AbracadabraThe Steve Miller Band
49%
Aug 5, 1989BatdancePrince
38%
Nov 11, 1989When I See You SmileBad English
20%

Score Distribution

Percentile by Number Answered

Percent of People with Each Score

Your Score History

You have not taken this quiz